[Event "XX Carlos Torre Magistral"]
[Site "Merida MEX"]
[Date "2007.12.16"]
[Round "3"]
[White "Tregubov,P"]
[Black "Huerta,Da"]
[Result "1-0"]
[WhiteElo "2609"]
[BlackElo "2338"]
[EventDate "2007.12.15"]

1. d4 d5 2. c4 e6 3. Nf3 Nf6 4. Nc3 Bb4 5. cxd5 exd5 6. Bg5 Nbd7 7. Qc2 h6
8. Bh4 c5 9. e3 c4 10. Nd2 Qa5 11. Be2 b5 12. O-O Be7 13. b3 Nb6 14. bxc4
b4 15. Nxd5 Nfxd5 16. cxd5 Bxh4 17. Qe4+ Kf8 18. Qxh4 Bb7 19. Nc4 Nxc4 20.
Bxc4 Bxd5 21. Bxd5 Qxd5 22. Qf4 Rd8 23. Rac1 g5 24. Qc7 1-0

[Event "XX Carlos Torre Magistral"]
[Site "Merida MEX"]
[Date "2007.12.16"]
[Round "3"]
[White "Graf,A"]
[Black "Alford,J"]
[Result "1-0"]
[WhiteElo "2574"]
[BlackElo "2298"]
[EventDate "2007.12.15"]

1. d4 Nf6 2. c4 g6 3. Nf3 Bg7 4. g3 O-O 5. Bg2 c5 6. O-O cxd4 7. Nxd4 Nc6
8. Nc2 d6 9. Nc3 Be6 10. b3 Qd7 11. Bb2 Bh3 12. Nd5 Bxg2 13. Kxg2 Nxd5 14.
Bxg7 Nf4+ 15. gxf4 Qg4+ 16. Kh1 Kxg7 17. Qd2 Rac8 18. Rad1 Nd8 19. f3 Qh4
20. Rg1 Rc5 21. Rg4 Qf6 22. Nb4 Rh5 23. Nd5 Qe6 24. e4 Nc6 25. f5 Qe5 26.
Re1 e6 27. f6+ Kh8 28. Nf4 Nd4 29. Rf1 Rg5 30. Nd3 Nxf3 31. Rxf3 Qa1+ 32.
Nc1 Rxg4 33. Qh6 1-0

[Event "XX Carlos Torre Magistral"]
[Site "Merida MEX"]
[Date "2007.12.16"]
[Round "3"]
[White "Nogueiras Santiago,J"]
[Black "Torres Rosas,L"]
[Result "1-0"]
[WhiteElo "2549"]
[BlackElo "1946"]
[EventDate "2007.12.15"]

1. Nf3 Nf6 2. c4 g6 3. b4 Bg7 4. Bb2 O-O 5. e3 c5 6. bxc5 Qa5 7. Be2 Na6 8.
O-O Nxc5 9. d4 Na4 10. Bc1 Ne4 11. Bd3 Nec5 12. Bc2 d6 13. Bd2 Qa6 14. dxc5
Bxa1 15. Bxa4 Qxc4 16. cxd6 exd6 17. Na3 Qa6 18. Qxa1 Qxa4 19. Qf6 1-0

[Event "XX Carlos Torre Magistral"]
[Site "Merida MEX"]
[Date "2007.12.16"]
[Round "3"]
[White "De la Rosa Lara,A"]
[Black "Ibarra Chami,L"]
[Result "0-1"]
[WhiteElo "1959"]
[BlackElo "2416"]
[EventDate "2007.12.15"]

1. d4 d5 2. c4 e6 3. Nc3 Nf6 4. Nf3 Bb4 5. Bg5 Nbd7 6. e3 c5 7. Bd3 O-O 8.
O-O Bxc3 9. bxc3 dxc4 10. Bxc4 Qc7 11. Bf4 Qc6 12. Qd3 a6 13. a4 b6 14.
Rfd1 Bb7 15. h3 Rfc8 16. Ba2 Nd5 17. Bh2 cxd4 18. Bxd5 Qxd5 19. cxd4 Nf6
20. Rab1 Qa5 21. Qb3 Bxf3 22. gxf3 Qg5+ 23. Bg3 Nh5 24. Kg2 Nxg3 25. fxg3
h5 26. Rbc1 h4 27. g4 Qa5 28. Rc2 b5 29. axb5 axb5 30. Rdc1 Rxc2+ 31. Rxc2
Qe1 32. e4 Qg3+ 33. Kf1 Ra1+ 34. Ke2 Qe1+ 0-1

[Event "XX Carlos Torre Magistral"]
[Site "Merida MEX"]
[Date "2007.12.16"]
[Round "3"]
[White "Arencibia Rodriguez,W"]
[Black "Vega Garcia,J"]
[Result "1-0"]
[WhiteElo "2562"]
[BlackElo "2255"]
[EventDate "2007.12.15"]

1. e4 e5 2. Nf3 Nc6 3. Bb5 d6 4. Nc3 Bd7 5. Bxc6 Bxc6 6. d4 Nf6 7. Qd3 Qe7
8. O-O g6 9. Re1 Bg7 10. dxe5 dxe5 11. Nd5 Bxd5 12. exd5 Nd7 13. Bg5 Qd6
14. Nd2 O-O 15. Nc4 Qa6 16. Rad1 Rfe8 17. d6 c6 18. Be7 b5 19. Qh3 f5 20.
Na3 Qa4 21. Qc3 Rac8 22. Qd2 Qd4 23. Qc1 Qc5 24. c3 a5 25. Nc2 e4 26. Nd4
Bxd4 27. Rxd4 Rxe7 28. dxe7 Qxe7 29. f3 Nf6 30. Qd2 Qc5 31. Kh1 Re8 32. Rd8
Kf7 33. Rxe8 Kxe8 34. g4 fxg4 35. fxe4 Qe5 36. Qd4 Nd7 37. Rd1 Qxd4 38.
cxd4 Nf6 39. Kg2 Kd7 40. Re1 Nh5 41. Rf1 Ke7 42. Kf2 Nf4 43. Kg3 Ne2+ 44.
Kxg4 Nxd4 45. Kg5 c5 46. Kh6 Ne6 47. Kxh7 g5 48. Kg6 c4 49. e5 Nc5 50. Kxg5
Nd3 51. h4 Nxb2 52. h5 c3 53. h6 c2 54. Rc1 1-0

[Event "XX Carlos Torre Magistral"]
[Site "Merida MEX"]
[Date "2007.12.16"]
[Round "3"]
[White "Rojas Alarcon,J"]
[Black "Gonzalez Zamora,J"]
[Result "0-1"]
[WhiteElo "2107"]
[BlackElo "2552"]
[EventDate "2007.12.15"]

1. c4 e5 2. Nc3 Nc6 3. g3 Nf6 4. Bg2 Bc5 5. e3 O-O 6. Nge2 d6 7. O-O a6 8.
a3 Ba7 9. b4 Re8 10. d3 h6 11. Bb2 Ne7 12. a4 c6 13. a5 d5 14. cxd5 Nexd5
15. Ba3 Bg4 16. Qd2 Qd7 17. Na4 Rad8 18. Nc1 Bh3 19. Nb3 Bxg2 20. Kxg2
Nxe3+ 21. fxe3 Qd5+ 22. Kh3 Qe6+ 23. Kg2 Qxb3 24. Nb2 Qd5+ 25. Kg1 Ng4 26.
Rfe1 e4 27. d4 Ne5 0-1

[Event "XX Carlos Torre Magistral"]
[Site "Merida MEX"]
[Date "2007.12.16"]
[Round "3"]
[White "Dominguez Aguilar,G"]
[Black "Caceres Cortes,J"]
[Result "1-0"]
[WhiteElo "2412"]
[BlackElo "2128"]
[EventDate "2007.12.15"]

1. e4 c5 2. Nf3 d6 3. d4 cxd4 4. Nxd4 Nf6 5. Nc3 g6 6. Be3 Bg7 7. f3 O-O 8.
Qd2 Nc6 9. Bc4 Bd7 10. h4 h5 11. Nde2 Ne5 12. Bb3 a5 13. a4 Qb8 14. Nf4 e6
15. O-O b5 16. axb5 a4 17. Nxa4 Bxb5 18. Nb6 Rxa1 19. Rxa1 Bh6 20. Ra8 Qc7
21. Rxf8+ Kxf8 22. Nxe6+ fxe6 23. Bxh6+ Ke7 24. Be3 Qc6 25. Qb4 Ba6 26. Bd4
Nfd7 27. Nxd7 Nxd7 28. e5 1-0

[Event "XX Carlos Torre Magistral"]
[Site "Merida MEX"]
[Date "2007.12.16"]
[Round "3"]
[White "Capo Vidal,U"]
[Black "Broca Jimenez,F"]
[Result "1-0"]
[WhiteElo "2356"]
[BlackElo "2124"]
[EventDate "2007.12.15"]

1. d4 Nf6 2. Nf3 e6 3. g3 b6 4. Bg2 Bb7 5. O-O Be7 6. c4 O-O 7. d5 exd5 8.
Nh4 Ne4 9. cxd5 Nd6 10. Nf3 Bf6 11. Nc3 Re8 12. Re1 c5 13. Bf4 Nc4 14. Qc2
d6 15. Ne4 Ba6 16. Nxf6+ Qxf6 17. Ng5 h6 18. Qh7+ Kf8 19. Ne4 Rxe4 20. Qxe4
Nxb2 21. Bh3 g5 22. Qf5 Qe7 23. Bd2 Nc4 24. Bc3 Ne5 25. f4 gxf4 26. Qxf4
Qg5 27. Rf1 Qxf4 28. Rxf4 Ke7 29. Raf1 1-0

[Event "XX Carlos Torre Magistral"]
[Site "Merida MEX"]
[Date "2007.12.16"]
[Round "3"]
[White "Morales Garcia,S"]
[Black "Lopez Michelone,M"]
[Result "1-0"]
[WhiteElo "2296"]
[BlackElo "2078"]
[EventDate "2007.12.15"]

1. e4 d5 2. exd5 Nf6 3. Nf3 Nxd5 4. d4 g6 5. c4 Nb6 6. Nc3 Bg7 7. h3 O-O 8.
Be3 Nc6 9. Be2 e5 10. d5 Ne7 11. g4 f5 12. gxf5 Nxf5 13. Qd2 Nxe3 14. Qxe3
Qe7 15. c5 Nd7 16. d6 cxd6 17. Bc4+ Kh8 18. cxd6 Qxd6 19. Ng5 Qb4 20. Nf7+
Kg8 21. Nd6+ Kh8 22. O-O-O h6 23. Rhg1 Rf6 24. Nce4 Rf4 25. Rxg6 Nf8 26.
Rxg7 Kxg7 27. a3 Qb6 28. Rg1+ Ng6 29. Qg3 Bf5 30. Nxf5+ Rxf5 31. Kb1 Rd8
32. Nc5 Rg5 33. Ne6+ Qxe6 34. Bxe6 Rxg3 35. fxg3 Rd6 36. Bg4 Rd2 37. Rc1
Rg2 38. Rc7+ Kf6 39. Rxb7 Rxg3 40. Rxa7 Kg5 41. a4 e4 42. Ra5+ Kf4 43. Rf5+
Ke3 44. a5 Ne7 45. a6 Nc6 46. Rf1 h5 47. Bd7 Na7 48. Bf5 Kd4 49. Kc2 Rg2+
50. Kb3 e3 51. Rd1+ Kc5 52. Bd3 Rg3 53. Kc2 Rxh3 54. Rf1 Rh2+ 55. Kc3 Rf2
56. b4+ Kb6 57. Rg1 Rf6 58. Kd4 Re6 59. Bc4 Nc6+ 60. Kc3 h4 61. Bxe6 1-0

[Event "XX Carlos Torre Magistral"]
[Site "Merida MEX"]
[Date "2007.12.17"]
[Round "4"]
[White "Martin del Campo,R"]
[Black "Graf,A"]
[Result "0-1"]
[WhiteElo "2435"]
[BlackElo "2574"]
[EventDate "2007.12.15"]

1. e4 e6 2. d4 d5 3. Nd2 c5 4. Ngf3 Nf6 5. exd5 exd5 6. Bb5+ Bd7 7. Bxd7+
Nbxd7 8. O-O Be7 9. dxc5 Nxc5 10. Nb3 Nce4 11. Nfd4 Qd7 12. Qf3 O-O 13. Nf5
Bd8 14. Be3 g6 15. Nh6+ Kg7 16. Rad1 Bb6 17. Nd4 Rfe8 18. h3 Nd6 19. Qf4
Rad8 20. Ng4 Nxg4 21. hxg4 Kg8 22. Nf5 Re4 23. Qxd6 Qxd6 24. Nxd6 Rxd6 25.
Bxb6 Rxb6 26. b3 Rc6 27. Rxd5 Rxc2 28. g5 Rxa2 29. Rc1 Kg7 30. Rd8 h6 31.
gxh6+ Kxh6 32. Rd7 Rf4 33. f3 b6 34. Rcc7 a5 35. Rb7 Rf6 36. b4 axb4 37.
Rd4 b3 38. Rb4 b2 39. Kh2 Rxf3 40. R4xb6 Rf2 41. Kh3 f5 42. Rb3 Rxg2 43.
Kh4 0-1

[Event "XX Carlos Torre Magistral"]
[Site "Merida MEX"]
[Date "2007.12.17"]
[Round "4"]
[White "Perez Garcia,Rodn"]
[Black "Nogueiras Santiago,J"]
[Result "1/2-1/2"]
[WhiteElo "2427"]
[BlackElo "2549"]
[EventDate "2007.12.15"]

1. e4 Nf6 2. Nc3 d5 3. exd5 Nxd5 4. Bc4 c6 5. Qf3 e6 6. Nge2 Be7 7. d4 O-O
8. O-O Nd7 9. Nxd5 exd5 10. Bd3 Re8 11. Ng3 Nf8 12. Re1 g6 13. Bh6 Bd7 14.
c3 Ne6 15. Re2 Bd6 16. Rae1 Qh4 17. Bd2 f5 18. Nf1 Re7 19. g3 Qf6 20. h4
Rf7 21. Ne3 h6 1/2-1/2

[Event "XX Carlos Torre Magistral"]
[Site "Merida MEX"]
[Date "2007.12.17"]
[Round "4"]
[White "Gonzalez Garcia,J2"]
[Black "Vera Gonzalez Quevedo,R"]
[Result "1-0"]
[WhiteElo "2541"]
[BlackElo "2495"]
[EventDate "2007.12.15"]

1. d4 Nf6 2. c4 e6 3. Nc3 Bb4 4. e3 O-O 5. Bd3 d5 6. Nf3 c5 7. O-O dxc4 8.
Bxc4 Nbd7 9. a3 Ba5 10. Bd2 cxd4 11. exd4 Bxc3 12. Bxc3 Nb6 13. Bb3 Nbd5
14. Bd2 b6 15. Ne5 Bb7 16. Qf3 Rc8 17. Bg5 Qc7 18. Rac1 Qb8 19. Bxd5 Bxd5
20. Qe3 Ne4 21. Nd7 Qb7 22. Nxf8 Nxg5 23. Qxg5 Rxf8 24. Rc3 h6 25. Qe5 Kh7
26. Rfc1 Qa6 27. Rg3 Rg8 28. Rc7 Qa4 29. h3 1-0

[Event "XX Carlos Torre Magistral"]
[Site "Merida MEX"]
[Date "2007.12.17"]
[Round "4"]
[White "Estrada Nieto,J"]
[Black "Hernandez Guerrero,G"]
[Result "1/2-1/2"]
[WhiteElo "2360"]
[BlackElo "2536"]
[EventDate "2007.12.15"]

1. e4 c5 2. Nf3 g6 3. d4 Bg7 4. d5 d6 5. Be2 Nf6 6. Nc3 O-O 7. O-O Na6 8.
Nd2 Nc7 9. a4 b6 10. Nc4 Ba6 11. Bf4 Nd7 12. Ra3 Rb8 13. Rb3 f5 14. f3 fxe4
15. fxe4 Bxc4 16. Bxc4 Ne5 17. Bxe5 Bxe5 18. Nb5 Nxb5 19. axb5 1/2-1/2

[Event "XX Carlos Torre Magistral"]
[Site "Merida MEX"]
[Date "2007.12.17"]
[Round "4"]
[White "Zapata,Alo"]
[Black "Almeida Saenz,A"]
[Result "1-0"]
[WhiteElo "2495"]
[BlackElo "2426"]
[EventDate "2007.12.15"]

1. e4 c5 2. Nf3 g6 3. d4 cxd4 4. Nxd4 Nc6 5. Nc3 Bg7 6. Be3 Nf6 7. Bc4 O-O
8. Bb3 Ng4 9. Qxg4 Nxd4 10. Qh4 Nxb3 11. axb3 d6 12. O-O Be6 13. Rfd1 a6
14. Bd4 f6 15. Nd5 Rc8 16. c3 Qe8 17. b4 Qf7 18. Ra5 Rfe8 19. Nb6 Rc6 20.
b5 axb5 21. Rxb5 Bb3 22. Re1 e5 23. Be3 Be6 24. Rd1 f5 25. exf5 Qxf5 26.
Qa4 Rf8 27. h3 Kh8 28. Nd5 Ra6 29. Qb3 Bh6 30. c4 Bxe3 31. Qxe3 Rf7 32. Nb6
Bd7 33. Rbd5 Bc6 34. Rxd6 Qf4 35. Nd5 Qxe3 36. Nxe3 Ra2 37. R1d2 Ra1+ 38.
Kh2 Rb1 39. Re6 e4 40. Ng4 Rd7 41. Re8+ 1-0

[Event "XX Carlos Torre Magistral"]
[Site "Merida MEX"]
[Date "2007.12.17"]
[Round "4"]
[White "Gonzalez Zamora,J"]
[Black "Tapie Amione,P"]
[Result "1-0"]
[WhiteElo "2552"]
[BlackElo "2189"]
[EventDate "2007.12.15"]

1. c4 c5 2. Nf3 Nc6 3. Nc3 e5 4. g3 g6 5. Bg2 Bg7 6. O-O d6 7. a3 Nge7 8.
d3 a5 9. Rb1 O-O 10. Bd2 Rb8 11. Kh1 h6 12. Ne1 Be6 13. Nc2 d5 14. cxd5
Nxd5 15. Ne3 Nde7 16. Na4 b6 17. b4 cxb4 18. axb4 b5 19. Nc5 a4 20. Nxe6
fxe6 21. Be4 Qd6 22. Nc2 Rf6 23. e3 Nd5 24. Qe2 Rb7 25. Kg1 h5 26. Rfc1 Bh6
27. Na3 Kg7 28. d4 exd4 29. Nxb5 Qe5 30. exd4 Nxd4 31. Bxh6+ Kxh6 32. Qd2+
Nf4 33. gxf4 Qxb5 34. Qxd4 Rxf4 35. Qe3 Qg5+ 36. Kh1 Rbf7 37. Rg1 Rg4 38.
Rxg4 hxg4 39. Qxg5+ Kxg5 40. b5 a3 41. b6 a2 42. Ra1 Rxf2 43. b7 Rb2 44.
Rxa2 1-0

[Event "XX Carlos Torre Magistral"]
[Site "Merida MEX"]
[Date "2007.12.17"]
[Round "4"]
[White "Morales Mendoza,Lu"]
[Black "De la Paz Perdomo,F"]
[Result "0-1"]
[WhiteElo "2184"]
[BlackElo "2441"]
[EventDate "2007.12.15"]

1. e4 e5 2. Nc3 Nf6 3. Bc4 Be7 4. d3 c6 5. f4 d6 6. Nf3 exf4 7. Bxf4 O-O 8.
Qd2 d5 9. exd5 cxd5 10. Bb3 Bb4 11. a3 Ba5 12. Qf2 Ng4 13. Qd4 Be6 14. Kf1
Bb6 15. Qa4 Bd7 16. Qb4 Na6 17. Bg5 Ne3+ 18. Ke2 f6 19. Qh4 fxg5 20. Nxg5
Bg4+ 21. Kd2 h6 22. Nxd5 Nxd5 23. Qxg4 Be3+ 24. Kd1 Bxg5 25. Qe6+ Kh8 26.
Qxd5 Qe8 0-1

[Event "XX Carlos Torre Magistral"]
[Site "Merida MEX"]
[Date "2007.12.17"]
[Round "4"]
[White "Navarrete Mendez,G"]
[Black "Capo Vidal,U"]
[Result "1/2-1/2"]
[WhiteElo "2149"]
[BlackElo "2356"]
[EventDate "2007.12.15"]

1. e4 c5 2. Nf3 Nc6 3. d4 cxd4 4. Nxd4 Nf6 5. Nc3 e5 6. Ndb5 d6 7. Nd5 Nxd5
8. exd5 Nb8 9. c4 a6 10. Nc3 Be7 11. Bd3 O-O 12. O-O f5 13. f3 b6 14. a3
Rf6 15. b4 a5 16. Be3 f4 17. Bf2 Rh6 18. c5 axb4 19. cxd6 Bxd6 20. axb4
Rxa1 21. Qxa1 Bxb4 22. Ne4 Nd7 23. Qa8 Qf8 24. Rb1 Bc5 25. Nxc5 Nxc5 26.
Bc4 Ba6 27. Qxf8+ Kxf8 28. Bxa6 Nxa6 29. Bxb6 Ke8 30. Ba5 Kd7 31. Rb7+ Kd6
32. Rxg7 Kxd5 33. Rd7+ Kc4 34. Re7 Kd5 35. Rd7+ Kc4 36. Re7 Kd5 37. Rd7+
1/2-1/2

[Event "XX Carlos Torre Magistral"]
[Site "Merida MEX"]
[Date "2007.12.17"]
[Round "4"]
[White "Huerta,Da"]
[Black "Guerrero Rodriguez,Alej"]
[Result "1-0"]
[WhiteElo "2338"]
[BlackElo "2127"]
[EventDate "2007.12.15"]

1. c4 Nf6 2. Nc3 c5 3. g3 e6 4. Bg2 d6 5. e4 Be7 6. Nge2 Nc6 7. O-O O-O 8.
h3 Nd4 9. d3 a6 10. g4 Rb8 11. a4 b6 12. f4 Nxe2+ 13. Qxe2 Nd7 14. g5 f6
15. h4 fxg5 16. hxg5 e5 17. Nd5 exf4 18. Bxf4 Ne5 19. Qe3 Be6 20. Qg3 Bf7
21. Bh3 Rb7 22. Bxe5 dxe5 23. Qxe5 Bxg5 24. Be6 Bh6 25. Rxf7 Rfxf7 26. Rf1
Qg5+ 27. Qxg5 Bxg5 28. Rxf7 Rxf7 29. Nxb6 Kf8 30. Bxf7 Kxf7 31. Kf1 Ke6 32.
Ke2 h5 33. a5 Bf6 34. b3 Bc3 35. Nd5 Be5 36. b4 g5 37. b5 g4 38. bxa6 Bb8
39. Nf4+ 1-0

[Event "XX Carlos Torre Magistral"]
[Site "Merida MEX"]
[Date "2007.12.17"]
[Round "4"]
[White "Fabian Reyes,F"]
[Black "Morales Garcia,S"]
[Result "0-1"]
[WhiteElo "1990"]
[BlackElo "2296"]
[EventDate "2007.12.15"]

1. e4 c5 2. Nf3 d6 3. d4 cxd4 4. Nxd4 Nf6 5. Nc3 a6 6. h3 e6 7. Be3 b5 8.
Bd3 Bb7 9. a3 Nbd7 10. f4 Nc5 11. Qf3 Be7 12. O-O O-O 13. b4 Nxd3 14. cxd3
Re8 15. Qg3 Bf8 16. Ra2 Rc8 17. Nd1 Kh8 18. Nf3 Qe7 19. e5 Nd5 20. Ng5 Kg8
21. Ne4 dxe5 22. fxe5 Nxe3 23. Qxe3 Bxe4 24. Qxe4 Qa7+ 25. Kh2 Red8 26.
Raf2 Rc7 27. Qg4 Qd4 28. Qh5 g6 29. Qg5 Bg7 30. Re2 h6 31. Qe3 Qxd3 32. Nf2
Qxe3 33. Rxe3 h5 34. g4 Rd5 35. Rfe1 Rc2 36. Kg3 h4+ 37. Kf3 Bh6 38. Rb3
Rdd2 39. Rf1 Re2 40. g5 Bxg5 41. Ng4 Rg2 0-1

[Event "XX Carlos Torre Magistral"]
[Site "Merida MEX"]
[Date "2007.12.17"]
[Round "4"]
[White "Alford,J"]
[Black "Aguirre Manzo,L"]
[Result "1-0"]
[WhiteElo "2298"]
[BlackElo "2102"]
[EventDate "2007.12.15"]

1. e4 c5 2. Nf3 d6 3. d4 cxd4 4. Nxd4 Nf6 5. Nc3 a6 6. Bc4 e6 7. O-O b5 8.
Bb3 Be7 9. Qf3 Qc7 10. Qg3 Nc6 11. Nxc6 Qxc6 12. Re1 Bb7 13. a3 O-O 14. Bh6
Ne8 15. Rad1 Rd8 16. Rd3 Qc5 17. Red1 a5 18. Be3 Qc6 19. Bg5 Qd7 20. e5
Bxg5 21. Qxg5 a4 22. Ba2 d5 23. Ne2 f6 24. exf6 Rxf6 25. Nd4 Nd6 26. f3 Kh8
27. Qe3 Rdf8 28. Re1 Bc8 29. Rc3 h6 30. Rc5 Qa7 31. Nxb5 Nxb5 32. Rxb5 Qc7
33. Qc5 Qf4 34. Rb4 Qd2 35. Qf2 Qg5 36. Qg3 Qd2 37. c3 Rg6 38. Qf2 Rxg2+
39. Kxg2 1-0

[Event "XX Carlos Torre Magistral"]
[Site "Merida MEX"]
[Date "2007.12.18"]
[Round "5"]
[White "Graf,A"]
[Black "Zapata,Alo"]
[Result "1/2-1/2"]
[WhiteElo "2574"]
[BlackElo "2495"]
[EventDate "2007.12.15"]

1. d4 Nf6 2. c4 g6 3. Nc3 Bg7 4. e4 d6 5. f3 O-O 6. Be3 e5 7. Nge2 c6 8.
Qd2 Nbd7 9. O-O-O a6 10. Kb1 b5 11. c5 b4 12. Na4 Qa5 13. Qc2 d5 14. dxe5
Nxe5 15. Nd4 dxe4 16. Nb6 Nd5 17. Nxc6 1/2-1/2

[Event "XX Carlos Torre Magistral"]
[Site "Merida MEX"]
[Date "2007.12.18"]
[Round "5"]
[White "Blanco Fernandez,A"]
[Black "Gonzalez Garcia,J2"]
[Result "1-0"]
[WhiteElo "2331"]
[BlackElo "2541"]
[EventDate "2007.12.15"]

1. Nf3 c5 2. c4 Nc6 3. g3 e5 4. d3 g6 5. Bg2 Bg7 6. Nc3 Nge7 7. O-O d6 8.
a3 a5 9. Ne1 Be6 10. Nc2 d5 11. cxd5 Nxd5 12. Ne3 Nde7 13. Rb1 O-O 14. Bd2
b6 15. Nc4 Rb8 16. Nb5 Qd7 17. b4 axb4 18. axb4 Rfd8 19. Qc1 Nd4 20. Nxd4
cxd4 21. Qa3 Nd5 22. Rfc1 h5 23. Ra1 Rdc8 24. Qa6 Qd8 25. Qb5 Nc7 26. Qc6
Bd7 27. Qxb6 Rxb6 28. Nxb6 Kh7 29. Nxc8 Bxc8 30. b5 Nxb5 31. Ra8 Nd6 32.
Bb4 Qg5 33. Rc7 Be6 34. h4 Qh6 35. Bxd6 Qd2 36. Bf1 e4 37. Bf4 e3 38. Ra1
Bh6 39. fxe3 dxe3 40. Bxh6 Kxh6 41. Rac1 Qb2 42. R7c3 Qb8 43. Kh2 Qe5 44.
Bg2 Qd4 45. R3c2 Kg7 46. Rf1 Bb3 47. Rcc1 Be6 48. Bf3 Kh6 49. Rb1 Kg7 50.
Rb7 Qe5 51. Rb4 Qc3 52. Rbb1 Qd4 53. Rbd1 Kh6 54. Rc1 g5 55. hxg5+ Kxg5 56.
Rb1 h4 57. Rb5+ f5 58. Rg1 Qd6 59. Kh3 hxg3 60. Rxg3+ Kf6 61. Kg2 f4 62.
Rgg5 Qd8 63. Be4 Qh8 64. Rg6+ Ke7 65. Rb7+ Kd6 66. Rb6+ Kc5 67. Rgxe6 Qh4
68. Rec6+ Kd4 69. Rb4+ Ke5 70. Rb5+ 1-0

[Event "XX Carlos Torre Magistral"]
[Site "Merida MEX"]
[Date "2007.12.18"]
[Round "5"]
[White "Quezada Perez,Y"]
[Black "Estrada Nieto,J"]
[Result "1-0"]
[WhiteElo "2546"]
[BlackElo "2360"]
[EventDate "2007.12.15"]

1. e4 e5 2. Nf3 Nc6 3. Bb5 a6 4. Ba4 Nf6 5. O-O Be7 6. Re1 b5 7. Bb3 d6 8.
c3 O-O 9. h3 Na5 10. Bc2 c5 11. d4 Qc7 12. Nbd2 Bd7 13. Nf1 cxd4 14. cxd4
Rac8 15. Re2 Rfe8 16. Ng3 Bd8 17. b3 Qa7 18. Ba3 Bb6 19. Bxd6 exd4 20. Be5
Nc6 21. Bxf6 gxf6 22. Nh5 Re6 23. Qd2 Bc5 24. Rd1 Kh8 25. Qf4 Be7 26. e5
Rg8 27. exf6 Rxe2 28. fxe7 f5 29. Qh6 Re6 30. Ng5 Rxg5 31. Qxg5 Rg6 32.
Qxf5 Bxf5 33. e8=Q+ Rg8 34. Qxc6 1-0

[Event "XX Carlos Torre Magistral"]
[Site "Merida MEX"]
[Date "2007.12.18"]
[Round "5"]
[White "Morales Garcia,S"]
[Black "Bachmann,Ax"]
[Result "0-1"]
[WhiteElo "2296"]
[BlackElo "2481"]
[EventDate "2007.12.15"]

1. e4 c5 2. Nf3 d6 3. d4 cxd4 4. Nxd4 e6 5. Nc3 a6 6. Bc4 b5 7. Bb3 Bb7 8.
O-O Nd7 9. a3 Nc5 10. Ba2 Nf6 11. Re1 Rc8 12. b4 Ncd7 13. Nd5 Nb6 14. Nxb6
Qxb6 15. Be3 Qc7 16. c4 e5 17. Nf3 Nxe4 18. Rc1 Qd7 19. c5 f6 20. Nh4 g6
21. f3 Ng5 22. Qb3 Nf7 23. Rcd1 d5 24. f4 Bg7 25. Nf3 O-O 26. Bc1 Rcd8 27.
fxe5 fxe5 28. Bb2 Rfe8 29. Qc2 Kh8 30. Rf1 Nh6 31. Rde1 Nf7 32. Rd1 Re7 33.
Qf2 Rde8 34. Qg3 Nh6 35. Rfe1 Nf5 36. Qf2 d4 37. Bb1 Ne3 38. Rxe3 dxe3 39.
Qe2 Qg4 40. Qxe3 Rf7 41. Rf1 Ref8 42. h3 Qf4 43. Qb3 Qg3 0-1

[Event "XX Carlos Torre Magistral"]
[Site "Merida MEX"]
[Date "2007.12.18"]
[Round "5"]
[White "Vera Gonzalez Quevedo,R"]
[Black "Obregon Rodriguez,J"]
[Result "1/2-1/2"]
[WhiteElo "2495"]
[BlackElo "2209"]
[EventDate "2007.12.15"]

1. d4 d5 2. c4 e6 3. Nc3 c6 4. e3 f5 5. f4 Nf6 6. Nf3 Bd6 7. Bd3 O-O 8. O-O
b6 9. Bd2 Qe8 10. Qc2 Ne4 11. Ne5 Bb7 12. Rab1 Kh8 13. b4 Nd7 14. c5 Nxe5
15. fxe5 Be7 16. a4 Bg5 17. Ne2 Bh6 18. Rb3 g5 19. Be1 Bg7 20. Ra3 bxc5 21.
bxc5 Qc8 22. Nc3 Ba6 23. Nb5 Qd8 24. Nd6 Bxd3 25. Rxd3 Rb8 26. Rb3 Rxb3 27.
Qxb3 Qb8 28. Qc2 Qc7 29. g4 Qd7 30. Qg2 h6 31. Qf3 Nxd6 32. exd6 f4 33. Bc3
Kg8 34. h3 Qb7 35. exf4 Rxf4 36. Qe3 Rxf1+ 37. Kxf1 Kf7 38. Qf2+ Ke8 39.
Qb2 Qxb2 40. Bxb2 Kd7 41. Ke2 Bf6 42. Bc3 Bd8 43. Kd3 Kc8 44. Be1 Kd7 45.
Bg3 Bf6 46. Kc3 a5 47. Kd3 Kc8 48. Be1 Bd8 49. Ke3 Kd7 50. Kf3 Kc8 51. Bd2
Kd7 52. h4 Ke8 53. hxg5 hxg5 54. Be1 Kd7 55. Ke3 Ke8 56. Bg3 Bf6 1/2-1/2

[Event "XX Carlos Torre Magistral"]
[Site "Merida MEX"]
[Date "2007.12.18"]
[Round "5"]
[White "Garcia,Ser"]
[Black "Martin del Campo,R"]
[Result "0-1"]
[WhiteElo "2087"]
[BlackElo "2435"]
[EventDate "2007.12.15"]

1. e4 c5 2. Nf3 d6 3. d4 cxd4 4. Nxd4 Nf6 5. Nc3 Nc6 6. f3 e5 7. Nb3 Be6 8.
Be3 Be7 9. Qd2 a6 10. O-O-O h5 11. Nd5 Bxd5 12. exd5 Nb8 13. c4 a5 14. Qf2
Nfd7 15. Bd3 Na6 16. Kb1 g6 17. f4 a4 18. Nd2 Nac5 19. Bc2 exf4 20. Qxf4
O-O 21. g4 hxg4 22. h3 g3 23. h4 Bf6 24. Nf3 Re8 25. h5 g5 26. Nxg5 Rxe3
27. Qxe3 Bxg5 28. Qxg3 Ne5 29. Rhg1 f6 30. Rdf1 Kh8 31. Qf2 Qe7 32. Qf5
Nxc4 33. Re1 Ne5 34. h6 b5 35. h7 b4 36. Bd1 Rd8 37. Rh1 b3 38. a3 Ncd7 39.
Bg4 Qg7 40. Be2 Qg6 41. Qxg6 Nxg6 42. Bb5 Nc5 43. Rd1 Rc8 44. Rd4 Ra8 45.
Rb4 Rb8 46. Rd1 Kxh7 47. Rdd4 Kg7 48. Bxa4 Rh8 49. Rd1 Rh3 50. Bc6 Ne5 0-1

[Event "XX Carlos Torre Magistral"]
[Site "Merida MEX"]
[Date "2007.12.18"]
[Round "5"]
[White "Capo Vidal,U"]
[Black "Gonzalez Arroyo,L"]
[Result "1-0"]
[WhiteElo "2356"]
[BlackElo "2193"]
[EventDate "2007.12.15"]

1. d4 Nf6 2. Nf3 d5 3. c4 c6 4. Nc3 g6 5. cxd5 cxd5 6. Bf4 Nc6 7. e3 Bg7 8.
h3 O-O 9. Be2 Bf5 10. O-O Ne4 11. Qb3 Na5 12. Qa3 Nxc3 13. bxc3 a6 14. Nd2
Re8 15. Rfd1 Rc8 16. Rac1 b5 17. Nb3 Nxb3 18. Qxb3 Qa5 19. Bf3 Be4 20. Bxe4
dxe4 21. c4 e5 22. dxe5 Bxe5 23. c5 Qc7 24. Bg5 Qc6 25. Rd5 Kg7 26. Rcd1 h6
27. Bd8 Re6 28. Bb6 Bc7 29. Qb2+ Kg8 30. Bxc7 Qxc7 31. Qd4 Rce8 32. Rd7 Qc6
33. Rd6 Rxd6 34. cxd6 Qd7 35. Qb6 Rc8 36. Qxa6 Kh7 37. Qa3 Rc2 38. Qb3 Rc5
39. Qb2 Rg5 40. Qf6 b4 41. Qf4 Ra5 42. Rd2 Ra6 43. Qf6 Rc6 1-0

[Event "XX Carlos Torre Magistral"]
[Site "Merida MEX"]
[Date "2007.12.18"]
[Round "5"]
[White "Dominguez Aguilar,G"]
[Black "Navarrete Mendez,G"]
[Result "1-0"]
[WhiteElo "2412"]
[BlackElo "2149"]
[EventDate "2007.12.15"]

1. e4 e5 2. Nf3 d6 3. d4 exd4 4. Qxd4 Nf6 5. Nc3 Be7 6. Bf4 O-O 7. O-O-O
Nc6 8. Qd2 Nh5 9. Be3 Be6 10. Be2 Nf6 11. Ng5 Bd7 12. h3 h6 13. Nf3 Re8 14.
g4 Bf8 15. g5 Nxe4 16. Nxe4 Rxe4 17. gxh6 Qf6 18. Rhg1 g6 19. Qd5 Rxe3 20.
h7+ Kxh7 21. Ng5+ Kg8 22. fxe3 Bg7 23. c3 Qf2 24. Qd2 Re8 25. Rdf1 Qxe3 26.
Bc4 Qxd2+ 27. Kxd2 Ne5 28. Bxf7+ Nxf7 29. Rxf7 Bb5 30. Rxc7 Re2+ 31. Kc1
Be5 32. Rc8+ Kg7 33. Ne6+ Kf6 34. Nd4 Bf4+ 35. Kb1 Bd3+ 36. Ka1 Rf2 37.
Rf8+ Ke7 38. Rb8 Be4 39. Re1 Kd7 40. Rf8 g5 41. Rf7+ Kc8 42. Ne6 d5 43.
Nxg5 a6 44. a4 Kb8 45. Nxe4 dxe4 46. Rxe4 1-0

[Event "XX Carlos Torre Magistral"]
[Site "Merida MEX"]
[Date "2007.12.18"]
[Round "5"]
[White "Gongora Montes,B"]
[Black "Gonzalez Chavez,E"]
[Result "0-1"]
[WhiteElo "2270"]
[BlackElo "2093"]
[EventDate "2007.12.15"]

1. e4 c5 2. Nf3 d6 3. d4 cxd4 4. Nxd4 Nf6 5. Nc3 a6 6. Bc4 e6 7. Bb3 b5 8.
O-O Be7 9. Qf3 Qc7 10. Qg3 Nc6 11. Nxc6 Qxc6 12. Re1 O-O 13. Bh6 Ne8 14.
Nd5 Bd8 15. Rad1 Bb7 16. Nf4 Kh8 17. Bd5 exd5 18. exd5 Qxc2 19. Rc1 Qxb2
20. Nd3 Qf6 0-1